| 000 | 00427nam a2200145Ia 4500 | ||
|---|---|---|---|
| 008 | 151213s9999 xx 000 0 und d | ||
| 100 | _aWork Notes Kenneth Graham | ||
| 245 |
_aThe Old Man & the sea:Ernest Hemingway _cWork Notes Kenneth Graham |
||
| 260 |
_aNongkong _bWork Notes _c1980 |
||
| 300 | _a3542 p. | ||
| 650 | _aEnglish Literature | ||
| 650 | _aLiterature | ||
| 700 | _aWork Notes Kenneth Graham | ||
| 999 |
_c2347 _d2347 |
||